书目信息 |
| 题名: |
初中必刷题
|
|
| 作者: | 杨文彬 主编 | |
| 分册: | 上册 生物 | |
| 出版信息: | 北京 开明出版社 2024 |
|
| 页数: | 54页 | |
| 开本: | 30cm | |
| 丛书名: | ||
| 单 册: | ||
| 中图分类: | G634 , G634.915 | |
| 科图分类: | ||
| 主题词: | 生物课--初中--习题集 | |
| 电子资源: | ||
| ISBN: | 978-7-5131-6846-5 | |
| 000 | 00725nam0 2200241 450 | |
| 001 | 012024000335 | |
| 005 | 20241118214756.0 | |
| 010 | @a978-7-5131-6846-5@dCNY0.00 (附赠) | |
| 100 | @a20241118d2024 demy0chiy50 ea | |
| 101 | 0 | @achi |
| 102 | @aCN@b110000 | |
| 105 | @aa q 000yy | |
| 106 | @ar | |
| 200 | 1 | @a初中必刷题@Achu zhong bi shua ti@e狂K重点@i生物@i七年级@h上册@e济南版@f杨文彬主编 |
| 210 | @a北京@c开明出版社@d2024 | |
| 215 | @a54页@c图@d30cm | |
| 300 | @a理想树图书 | |
| 606 | 0 | @a生物课@x初中@j习题集 |
| 690 | @aG634@v5 | |
| 690 | @aG634.915@v5 | |
| 701 | 0 | @a杨文彬@Ayang wen bin@4主编 |
| 801 | 0 | @aCN@bAHXH@c20241118 |
| 905 | @b214191426@b214191435@b214191444@b214191453@b214191462@dG634@e5224@f5 | |
| 初中必刷题:狂K重点.生物.七年级.上册:济南版/杨文彬主编.-北京:开明出版社,2024 |
| 54页:图;30cm |
| 理想树图书 |
| ISBN 978-7-5131-6846-5:CNY0.00 (附赠) |
| ● |
| 相关链接 |
|
|
|
|
正题名:初中必刷题
索取号:G634/5224
 
预约/预借
| 序号 | 登录号 | 条形码 | 馆藏地/架位号 | 状态 | 备注 |
| 1 | 1419142 | 214191426 | 第一样本阅览室/ [索取号:G634/5224] | 在馆 | |
| 2 | 1419143 | 214191435 | 第四借阅区/ [索取号:G634/5224] | 在馆 | |
| 3 | 1419144 | 214191444 | 第四借阅区/ [索取号:G634/5224] | 在馆 | |
| 4 | 1419145 | 214191453 | 第四借阅区/ [索取号:G634/5224] | 在馆 | |
| 5 | 1419146 | 214191462 | 第四借阅区/ [索取号:G634/5224] | 在馆 |